Southville International School and Colleges
Your cart is empty.
  • Cart
  • Lists
    Public lists Eva Luna New books Lux_list list_1
    Your lists Log in to create your own lists
  • Log in to your account
  • Your cookies
  • Search history
Southville International School and Colleges
  • Advanced search
  • Recent comments
  • Most popular
  • Libraries

Log in to your account

Log in with GOOGLE


If you do not have an external account, but do have a local account, you can still log in:

  1. Home
  2. MARC view: Throw your tooth on the roof :
Normal view MARC view ISBD view

Throw your tooth on the roof : (Record no. 299281)

[ view plain ]
MARC details
000 -LEADER
fixed length control field 00597nam a2200217Ia 4500
008 - FIXED-LENGTH DATA ELEMENTS--GENERAL INFORMATION
fixed length control field 160803s9999 xx 000 0 und d
020 ## - INTERNATIONAL STANDARD BOOK NUMBER
International Standard Book Number 0 439785073
100 ## - MAIN ENTRY--PERSONAL NAME
Personal name Beeler, Selby
245 ## - TITLE STATEMENT
Title Throw your tooth on the roof :
245 ## - TITLE STATEMENT
Remainder of title tooth traditions from around the world /
245 ## - TITLE STATEMENT
Statement of responsibility, etc Selby B. Beeler ; illustrated by G. Brian Karas.
260 ## - PUBLICATION, DISTRIBUTION, ETC. (IMPRINT)
Place of publication, distribution, etc New York :
260 ## - PUBLICATION, DISTRIBUTION, ETC. (IMPRINT)
Name of publisher, distributor, etc Scholastic Inc.
260 ## - PUBLICATION, DISTRIBUTION, ETC. (IMPRINT)
Date of publication, distribution, etc 1998
300 ## - PHYSICAL DESCRIPTION
Extent [30] pages :
300 ## - PHYSICAL DESCRIPTION
Other physical details color illustration, color map ;
300 ## - PHYSICAL DESCRIPTION
Dimensions 26 x 28 cm
650 ## - SUBJECT ADDED ENTRY--TOPICAL TERM
Topical term or geographic name as entry element Teeth --
650 ## - SUBJECT ADDED ENTRY--TOPICAL TERM
General subdivision Folklore.
700 ## - ADDED ENTRY--PERSONAL NAME
Personal name 770
Holdings
Withdrawn status Lost status Damaged status Home library Current library Shelving location Date acquired Total Checkouts Barcode Date last seen Price effective from Koha item type
      Stonyhurst Southville International School (Batangas) Stonyhurst Southville International School (Batangas) Lexiled 08/03/2016   SC-1207 08/03/2016 08/03/2016 Books

Throw your tooth on the roof :

APA

Beeler S., 770, .Throw your tooth on the roof. New York: .

Chicago

Beeler Selby, 770, .Throw your tooth on the roof. New York: .

Harvard

Beeler S., 770, .Throw your tooth on the roof. New York: .

MLA

Beeler Selby, 770, .New York: . .

  • Place hold
  • Print
  • Cite
  • Add to your cart (remove)
  • Save record
    BIBTEX Dublin Core MARCXML MARC (non-Unicode/MARC-8) MARC (Unicode/UTF-8) MARC (Unicode/UTF-8, Standard) MODS (XML) RIS
  • More searches
    Search for this title in:
    Other Libraries (WorldCat) Other Databases (Google Scholar) Online Stores (Bookfinder.com) Open Library (openlibrary.org)

Exporting to Dublin Core...

SOUTHVILLE LIBRARY

Southville International School and Colleges Library

1281 Tropical Ave. Cor. Luxembourg St., BF Homes International, Las Pinas City

Tel. No. 8256374 / 252358 Loc. 117/146

Powered by Koha